| 000 | 00767cam a22002414a 4500 | ||
|---|---|---|---|
| 999 |
_c35485 _d35485 |
||
| 001 | YPZ96154 | ||
| 003 | YPZ | ||
| 005 | 20260310090415.0 | ||
| 008 | 260310s1966 ag grb 001 1 spa d | ||
| 040 |
_cSIUNPA _aSIUNPA _bspa _eAACR2 |
||
| 041 | _aspa | ||
| 044 | _aag | ||
| 080 | _a821.134.2(82) F847cu | ||
| 100 |
_aFray Mocho, seud. _d1858-1903 _qÁlvarez, José Sixto |
||
| 245 |
_aCuentos _c/ José S. Álvarez (Fray Mocho) ; introducción, notas y vocabulario Marta A. Marín |
||
| 260 |
_aBuenos Aires _b: Librería del Colegio _c, 1966 |
||
| 300 | _a341 p. | ||
| 490 |
_a(Colección clásicos Huemul ; _v64) |
||
| 650 | _a LITERATURA ARGENTINA | ||
| 650 | _a CUENTO | ||
| 700 |
_aMarín, Marta A. _eintroducción, notas y vocabulario |
||
| 942 |
_cBK _2udc |
||